| 000 | 00495cam a2200181ua 4500 | ||
|---|---|---|---|
| 003 | OSt | ||
| 008 | 241224b |||||||| |||| 00| 0 eng d | ||
| 020 | _a9788126532230 | ||
| 082 |
_a621.367 _bLIL/RE |
||
| 100 |
_aLillesand, Thomas. _aChipman Jonathan, W _96582 |
||
| 245 | _aRemote sensing and image interpretation / | ||
| 250 | _a5 / 6 | ||
| 260 |
_aNew Delhi _bJohn Wiley & Sons , _c2013 |
||
| 300 | _a756. | ||
| 500 | _a20384 -Reference | ||
| 700 | 1 |
_aKiefer, Ralphus . _9353 |
|
| 942 | _cBK | ||
| 999 |
_c4856 _d4856 |
||